[Event "Recco op-B 4th"]
[Site "Recco"]
[Date "2010.11.28"]
[Round "5"]
[White "Croci, Luigi"]
[Black "Chiappini, Massimo"]
[Result "1/2-1/2"]
[WhiteElo "1615"]
[BlackElo "1434"]
[PlyCount "51"]
[EventDate "2010.11.26"]
[EventType "swiss"]
[EventRounds "5"]
[EventCountry "ITA"]
[SourceTitle "EXT 2023"]
[Source "ChessBase"]
[SourceDate "2022.10.05"]
[SourceVersion "1"]
[SourceVersionDate "2022.10.05"]
[SourceQuality "1"]

1. Nf3 e6 2. g3 d5 3. Bg2 Nf6 4. 0-0 Bd6 5. d3 0-0 6. Nbd2 c5 7. e4 e5 8. exd5 Nxd5 9. Re1 Nd7 10. Nxe5 N7f6 11. Nec4 Bc7 12. a4 Be6 13. Nf3 h6 14. Nfe5 Bxe5 15. Nxe5 Re8 16. c4 Nb4 17. Bxb7 Rb8 18. Bg2 Bg4 19. f3 Bf5 20. Bf4 Qd4+ 21. Kh1 Bxd3 22. Nxd3 Nxd3 23. Rxe8+ Rxe8 24. Qf1 Nf2+ 25. Kg1 Nh3+ 26. Kh1 1/2-1/2